| 000 | 00880nam a22002774a 4500 | ||
|---|---|---|---|
| 001 | 34960 | ||
| 003 | BD-RjUL | ||
| 005 | 20211209052234.0 | ||
| 008 | 140520r20062002enka b 001 0 eng d | ||
| 020 | _a0415253535 (hbk) | ||
| 020 | _a0415253543 (pbk.) | ||
| 035 | _a(BD-RjUL)35054 | ||
| 040 |
_aDLC _cDLC _dDLC _dBD-RjUL _beng |
||
| 041 | _aeng | ||
| 082 | 0 | 0 |
_a304.2 _221 _bMIL 2006 |
| 100 | 1 |
_aMilton, Kay, _d1951- _9106431 |
|
| 245 | 1 | 0 |
_aLoving nature : _btowards an ecology of emotion / _cKay Milton. |
| 260 |
_aLondon ; _aNew York : _bRoutledge, _c2002 [reprinted 2006]. |
||
| 300 |
_ax, 182 p. : _bill. ; _c24 cm. |
||
| 504 | _aIncludes bibliographical references (p. 159-172) and index. | ||
| 650 | 0 |
_aNature _xPsychological aspects. _9106432 |
|
| 650 | 0 |
_aEnvironmental psychology. _94194 |
|
| 942 |
_2ddc _cBK |
||
| 999 |
_c34960 _d34960 |
||